La cantante callejera : (Record no. 98812)

MARC details
000 -LEADER
campo de control de longitud fija 00716nam a22001935i 4500
001 - NÚMERO DE CONTROL
campo de control 98812
003 - IDENTIFICADOR DE NÚMERO DE CONTROL
campo de control ES-MaACL
005 - FECHA Y HORA DE LA ÚLTIMA TRANSACCIÓN
campo de control 20250824074916.0
007 - CAMPO FIJO DE DESCRIPCIÓN FÍSICA--INFORMACIÓN GENERAL
campo de control de longitud fija t|
008 - DATOS DE LONGITUD FIJA--INFORMACIÓN GENERAL
campo de control de longitud fija 950918s1896 sp ||||1| spa d
100 1# - ENTRADA PRINCIPAL--NOMBRE DE PERSONA
Nombre de persona Echegaray, José,
Fechas asociadas al nombre 1832-1916
9 (RLIN) 46526
245 13 - MENCIÓN DEL TÍTULO
Título La cantante callejera :
Resto del título apropósito lírico en un cuadro y en prosa /
Mención de responsabilidad, etc. escrito... por José Echegaray.
260 ## - PUBLICACIÓN, DISTRIBUCIÓN, ETC.
Lugar de publicación, distribución, etc. Madrid :
Nombre del editor, distribuidor, etc. Florencio Fiscowich,
Fecha de publicación, distribución, etc. 1896.
300 ## - DESCRIPCIÓN FÍSICA
Extensión 16 p. ;
Dimensiones 20 cm.
490 1# - MENCIÓN DE SERIE
Mención de serie El teatro: colección de obras dramáticas y líricas
830 13 - PUNTO DE ACCESO ADICIONAL DE SERIE-TÍTULO UNIFORME
Título uniforme El teatro: colección de obras dramática y líricas
9 (RLIN) 221753
852 4# - LOCALIZACIÓN
Ubicación ES-MaACL
Número de control de estantería B-3101(1)
Nota libre - Dedicatoria autógrafa del autor
Holdings
Estatus retirado Estado de pérdida Fuente del sistema de clasificación o colocación Estado de daño No para préstamo Colección Biblioteca de origen Biblioteca actual Ubicación en estantería Fecha de adquisición Total de préstamos Signatura topográfica completa Código de barras Visto por última vez Precio de reemplazo Tipo de ítem Koha Nota pública
    Clasificación decimal universal     Libros con dedicatorias Biblioteca del Ateneo de Madrid Biblioteca del Ateneo de Madrid Sala Pardo Bazán 17/01/2008   B-3101(1) 1103169 23/02/2023 23/02/2023 Libro impreso antiguo Dedicatoria autógrafa del autor